| 000 | 00689nam a2200193Ia 4500 | ||
|---|---|---|---|
| 003 | OSt | ||
| 005 | 20251104143404.0 | ||
| 008 | 210210b2002 xxu||||| |||| 00| 0 eng d | ||
| 040 | _cAL | ||
| 041 | _aKannada | ||
| 082 | _a039.4K KANK | ||
| 100 |
_aKANNADA VISHVAVIDYALAYA _dಕನ್ನಡ ವಿಶ್ವವಿದ್ಯಾಲಯ _9243791 |
||
| 245 |
_aKannada vishvavidyalaya vishvakosha: 4: jiva jagattu _bಕನ್ನಡ ವಿಶ್ವವಿದ್ಯಾಲಯ ವಿಶ್ವಕೋಶ: 4: ಜೀವ ಜಗತ್ತು |
||
| 260 |
_aHampi _bPrasaranga Kannada Vishvavidyalaya _c2002 |
||
| 300 | _axii,420 | ||
| 690 |
_aEncyclopaedia _9243792 |
||
| 906 | _aSG04151 | ||
| 942 |
_2ddc _cBK |
||
| 999 |
_c114739 _d114739 |
||